logo

Bir Sreshtho Munshi Abdur Rouf Library
Jhenaidah Cadet College

The Tempest : (Record no. 10500)

MARC details
000 -LEADER
fixed length control field 00721nam a2200265 a 4500
001 - CONTROL NUMBER
JCCL Control Number 10500
003 - CONTROL NUMBER IDENTIFIER
JCCL marc code BD-JhCC
005 - DATE AND TIME OF LATEST TRANSACTION
control field 20180520105000.0
008 - FIXED-LENGTH DATA ELEMENTS--GENERAL INFORMATION
fixed length control field 180430s1971 nbu |||| b||| 000 0 eng d
020 ## - INTERNATIONAL STANDARD BOOK NUMBER
International Standard Book Number 0822000730
035 ## - SYSTEM CONTROL NUMBER
system control number (BD-JhCC)10500
040 ## - CATALOGING SOURCE
Original cataloging agency BD-JhCC
Modifying agency BD-JhCC
041 ## - LANGUAGE CODE
Language code of Book eng
082 ## - DEWEY DECIMAL CLASSIFICATION NUMBER
Classification number 822.33
Author mark and Year HIL 1971
100 ## - MAIN ENTRY--PERSONAL NAME
Personal name Hillegass, L. L.,
245 ## - TITLE STATEMENT
Title The Tempest :
Remainder of title Notes /
Statement of responsibility, etc L. L. Hillegass; James L. Roberts
260 ## - PUBLICATION, DISTRIBUTION, ETC. (IMPRINT)
Place of publication, distribution, etc Lincoln :
Name of publisher, distributor, etc Cliff's Notes,
Date of publication, distribution, etc 1971
300 ## - PHYSICAL DESCRIPTION
Pagination 68 P. :
Dimensions 21 cm.
504 ## - BIBLIOGRAPHY, ETC. NOTE
Bibliography, etc Includes Bibliographical Reference.
600 ## - SUBJECT ADDED ENTRY--PERSONAL NAME
Personal name Tempest (Shakespeare, William)
650 ## - SUBJECT ADDED ENTRY--TOPICAL TERM
Topical term or geographic name as entry element English Fiction
700 ## - ADDED ENTRY--PERSONAL NAME
Personal name Roberts, James L.,
942 ## - ADDED ENTRY ELEMENTS (KOHA)
Source of classification or shelving scheme Dewey Decimal Classification
Koha item type Books
Holdings
Source of classification or shelving scheme Damaged status Not for loan Home library Current library Shelving location Date of accession Total Checkouts Full call number Barcode Date last seen Copy number Koha item type
Dewey Decimal Classification     JCC Rouf Library JCC Rouf Library General Stacks 04/30/2018   822.33 HIL 1971 14101 04/30/2018 C-1 Books

JCC Library | Contacts | JCC Home

Last Update on 23 September 2017
Copyright @ 2017-2020 JCC Rouf Library
Rouf Library, Jhenidah Cadet College (JCC), Bangladesh